Music Quiz

Random Music or Song Quiz

Kpop songs [ audio ] Quiz Stats

 Plays Quiz not verified by Sporcle

Score 0/20 Timer 15:00
0 Plays Today
Hint Answer % Correct
00:40-00:50Save me
95.7%
1:30-1:40No make up
34.1%
1:20-1:30Yes or No
25.4%
00:30-00:40Bounce
24.9%
2:50-3:00bonnie and clyde
24.3%
1:00-1:10I'm not sorry
23.2%
2:20-2:30You know
23.2%
0:50-1:00Woo ah
15.7%
1:10-1:20Mistake
15.7%
00:10-00:20January
5.9%
Hint Answer % Correct
2:00-2:10Respect
5.4%
00:00-00:10Nice
4.3%
00:20-00:30Shalom
3.8%
3:00-3:10100
2.7%
1:40-1:50Like an Airplane
2.2%
1:50-2:00Scraper
2.2%
2:10-2:20Ye I Need
1.1%
2:30-2:40YRRG
1.1%
2:40-2:50summer summer summer
1.1%
3:10-3:20sniffin' my ambition
1.1%

You're not logged in!

Compare scores with friends on all Sporcle quizzes.
OR
Log In

Sporcle TV

Today on Sporcle TV


Watch our educational content, quiz creation guides, and fun videos on Sporcle TV.

Show Comments

Extras

Created Aug 13, 2016ReportNominate
Tags:Kpop Quiz, Song Quiz, hip, hop

Top Quizzes Today


Score Distribution

Your Account Isn't Verified!

In order to create a playlist on Sporcle, you need to verify the email address you used during registration. Go to your Sporcle Settings to finish the process.

Report this User

Report this user for behavior that violates our Community Guidelines.

Details: